Galvanické články

Bibliographic Details
Main Authors: Izakovič, Mário, 1973- (Author), Ondrejkovičová, Iveta, 1951- (Author)
Format: Article
Language:Slovak
PhysicalDescription:Sch.
ISSN:1336-7242
Subjects:

MARC

LEADER 00000nab a2200000 ar4500
001 vtls008962504
003 SK-MaSNL
005 20260303070724.0
008 070410c2006 xo |||||||||||000 b|slo
015 |a SNBRB2007/04  |2 snkbucl 
038 |a SNKBUCL 
040 |a SNKBUCL  |b slo  |c SNKBUCL  |e AACR2 
041 0 |a slo 
044 |a xo  |c SK 
080 |a 621.352  |2 1997 
080 |a 544.643  |2 1997 
080 |a 621.35  |2 1997 
100 1 |a Izakovič, Mário,  |d 1973-  |4 aut  |9 204346 
245 1 0 |a Galvanické články  |c M. Izakovič a I. Ondrejkovičová 
300 |b Sch. 
650 0 7 |a galvanické články  |2 snkbucl  |9 89504 
650 0 7 |a elektrochemické články  |2 snkbucl  |9 50225 
700 1 |a Ondrejkovičová, Iveta,  |d 1951-  |4 aut  |9 207138 
773 0 |t ChemZi  |g Roč. 2, č. 1 (2006), s. 14-15  |x 1336-7242 
852 |a SNK  |b KIS3GCP 
999 |c 1756657  |d 1758587